000 00441nam a2200181Ia 4500
001 18713
005 20260306171651.0
008 260306s9999||||xx |||||||||||||| ||und||
041 _aESP
082 _a658.5
_bC32
100 _aCastellanos Ramírez, Andrés
_eAUT
245 0 _aLogística comercial internacional
260 _c2017
300 _a356 páginas :
_c24 cm.
650 _aGEN
654 _aCAN
942 _cLIB
_dJUS
_fJUS
_2ddc
_n
999 _c18713
_d18713